| 000 | 01927cam0a2200457 4500 | ||
|---|---|---|---|
| 001 | 13917 | ||
| 003 | http://www.sudoc.fr/084192747 | ||
| 005 | 20250904151913.0 | ||
| 010 |
_a2742752722 _d8 EUR |
||
| 021 |
_aFR _bDLE-20041215-58683 |
||
| 033 | _ahttp://catalogue.bnf.fr/ark:/12148/cb39293658h | ||
| 035 | _a(OCoLC)419796140 | ||
| 035 |
_aFRBNF392936580000004 _zFRBNF39293658 |
||
| 035 | _a776255 | ||
| 090 | _a13917 | ||
| 099 | _o0 | ||
| 100 | _a20041215d2004 m y0frey50 ba | ||
| 101 | 0 | _afre | |
| 102 | _aFR | ||
| 105 | _ay ||||000by | ||
| 181 |
_6z01 _ctxt _2rdacontent |
||
| 181 | 1 |
_6z01 _ai# _bxxxe## |
|
| 182 |
_6z01 _cn _2rdamedia |
||
| 182 | 1 |
_6z01 _an |
|
| 200 | 1 |
_aAndréa et les quatre religions _bLIVR |
|
| 210 |
_aArles _cActes Sud-Papiers _d2004 _e42-Saint-Étienne _gImpr. Dumas-Titoulet |
||
| 215 | _a1 vol. (42 p.) | ||
| 215 |
_ccouv. ill. en coul. _d21 cm |
||
| 225 | 2 | _aActes Sud-Papiers | |
| 225 | 2 | _x0298-0592 | |
| 330 | _aLes quatre membres d'une famille : le père, la mère, le fils, la fille. Adultes, ils vivent chacun séparément mais se rendent visite, concluent des alliances momentanées, se confessent, s'affrontent, se souviennent, prennent le public à témoin. Jusqu'au jour où un repas commun dans une ville de thermes, en terrain neutre, les confronte à une serveuse, Andréa, révélateur de leurs fantasmes de liberté et figure emblématique de leurs manques avant de devenir leur victime... accidentelle ? | ||
| 345 | _b9782742752720 | ||
| 410 | _0001021583 | ||
| 410 |
_tThéâtre (Paris. 1985) _x0298-0592 |
||
| 608 |
_3027814157 _aThéâtre (genre littéraire) français _3050665391 _z2000-.... _2rameau |
||
| 676 |
_a842.914 oeuvre _v21 |
||
| 686 |
_a802 _2Cadre de classement de la Bibliographie nationale française |
||
| 700 | 1 |
_aNordmann _bJean-Gabriel |
|
| 700 | 1 |
_3029113148 _4070 |
|
| 801 | 3 |
_aFR _bAbes _c20230116 _gAFNOR |
|
| 801 | 0 |
_aFR _bBNF _c20041215 _gAFNOR |
|